Entrevistas efectivas / Robert Maddux (Registro nro. 12532)
[ vista simple ]
| 000 -LÍDER | |
|---|---|
| fixed length control field | 00431nam a2200145 4500 |
| 008 - ELEMENTOS DE LONGITUD FIJA -- INFORMACIÓN GENERAL | |
| fixed length control field | 01991 1991 0a 000 0MEX |
| 020 ## - NÚMERO INTERNACIONAL NORMALIZADO PARA LIBROS | |
| ISBN | 968-24-3330-4 |
| 050 ## - SIGNATURA TOPOGRAFICA DE LA BIBLIOTECA DEL CONGRESO (LC) | |
| Número de Clasificación | HF5549 5 I6 M34 |
| 082 ## - NUMERO DE CLASIFICACION DECIMAL DEWEY | |
| Número de Clasificación | 658.311.2 M315e |
| 100 ## - ASIENTO PRINCIPAL--NOMBRE PERSONAL | |
| Nombre personal | Maddux, Roberto |
| 245 ## - TÍTULO | |
| Título | Entrevistas efectivas / Robert Maddux |
| 260 ## - PUBLICACIÓN, DISTRIBUCIÓN, ETC. (PIE DE IMPRENTA) | |
| Lugar de publicación, distribución, etc. | México : Trillas |
| 300 ## - DESCRIPCIÓN FÍSICA | |
| Extensión | 83 p. / 26 cm. |
| 650 ## - ASIENTO SECUNDARIO DE MATERIA - TERMINO TEMÁTICO | |
| Término temático o nombre geográfico como elemento de entrada | 1.ADMINISTRACION \ 2.PERSONAL-DIRECCION \ 3.ENTREVISTAS |
| No. biblioteca | No. biblioteca | Número de clasificación | Código de barras/Número de adquisición | Número de copia | Tipo de material |
|---|---|---|---|---|---|
| LUIS G. INCLAN | LUIS G. INCLAN | 658.311.2 M315e | 38526 | 1 | Libros |
| LUIS G. INCLAN | LUIS G. INCLAN | 658.311.2 M315e | 38527 | 2 | Libros |
| LUIS G. INCLAN | LUIS G. INCLAN | 658.311.2 M315e | 38528 | 3 | Libros |
| LUIS G. INCLAN | LUIS G. INCLAN | 658.311.2 M315e | 41051 | 4 | Libros |
| LUIS G. INCLAN | LUIS G. INCLAN | 658.311.2 M315e | 42258 | 5 | Libros |
| LUIS G. INCLAN | LUIS G. INCLAN | 658.311.2 M315e | 42259 | 6 | Libros |
| LUIS G. INCLAN | LUIS G. INCLAN | 658.311.2 M315e | 43895 | 7 | Libros |
| LUIS G. INCLAN | LUIS G. INCLAN | 658.311.2 M315e | 43896 | 8 | Libros |
| LUIS G. INCLAN | LUIS G. INCLAN | 658.311.2 M315e | 43897 | 9 | Libros |
| LUIS G. INCLAN | LUIS G. INCLAN | 658.311.2 M315e | 43898 | 10 | Libros |
